ბათუმის შოთა რუსთაველის სახელმწიფო უნივერსიტეტის ბიბლიოთეკა

Making the European monetary union / (ბიბ.ჩანაწერი № 57963)

000 -LEADER
fixed length control field 00752cam a22002054a 4500
001 - CONTROL NUMBER
control field 17278712
005 - DATE AND TIME OF LATEST TRANSACTION
control field 20221114121537.0
008 - FIXED-LENGTH DATA ELEMENTS--GENERAL INFORMATION
fixed length control field 120430s2012 maua b 001 0 eng
020 ## - INTERNATIONAL STANDARD BOOK NUMBER
International Standard Book Number 9780674066830x
041 ## - LANGUAGE CODE
Language code of text/sound track or separate title eng
080 ## - UNIVERSAL DECIMAL CLASSIFICATION NUMBER
Universal Decimal Classification number 338(4) J-22
100 1# - MAIN ENTRY--PERSONAL NAME
Personal name James, Harold
Dates associated with a name
9 (RLIN) 11207
245 10 - TITLE STATEMENT
Title Making the European monetary union /
Statement of responsibility, etc. Harold James ; with a foreward by Mario Draghi and Jaime Caruana.
264 ## - PRODUCTION, PUBLICATION, DISTRIBUTION, MANUFACTURE, AND COPYRIGHT NOTICE
Place of production, publication, distribution, manufacture Cambridge, MA :
Name of producer, publisher, distributor, manufacturer Harvard University Press,
Date of production, publication, distribution, manufacture, or copyright notice 2012.
300 ## - PHYSICAL DESCRIPTION
Extent 567 p. :
Other physical details ill. ;
Dimensions 25 cm.
653 ## - INDEX TERM--UNCONTROLLED
keyword Making the European Monetary Union
653 ## - INDEX TERM--UNCONTROLLED
keyword ევროპის სავალუტო კავშირი
653 ## - INDEX TERM--UNCONTROLLED
keyword Создание Европейского валютного союза
942 ## - ADDED ENTRY ELEMENTS (KOHA)
Source of classification or shelving scheme
Koha item type წიგნი
ეგზემპლარები
Withdrawn status Lost status Source of classification or shelving scheme Damaged status Not for loan Permanent Location Current Location Shelving location Date acquired Cost, normal purchase price Full call number Barcode Date last seen Copy number Price effective from Koha item type Public note
          ბათუმის შოთა რუსთაველის სახელმწიფო უნივერსიტეტის მთავარი ბიბლიოთეკა ბათუმის შოთა რუსთაველის სახელმწიფო უნივერსიტეტის მთავარი ბიბლიოთეკა წიგნსაცავი 2021-04-12 80.00 338(4) J-22 54154 2021-04-12 54154 2021-04-12 წიგნი 80.00 GEL.
          ბათუმის შოთა რუსთაველის სახელმწიფო უნივერსიტეტის მთავარი ბიბლიოთეკა ბათუმის შოთა რუსთაველის სახელმწიფო უნივერსიტეტის მთავარი ბიბლიოთეკა წიგნსაცავი 2021-04-12 80.00 338(4) J-22 54155 2021-04-12 54155 2021-04-12 წიგნი 80.00 GEL.